Master Plan of Discipleship (Record no. 17779)
[ view plain ]
| 000 -LEADER | |
|---|---|
| fixed length control field | 00583nam a2200229 a 4500 |
| 020 ## - INTERNATIONAL STANDARD BOOK NUMBER | |
| ISBN | 0800752376 |
| 082 00 - DEWEY DECIMAL CLASSIFICATION NUMBER | |
| Classification number | 226.606 |
| Author Cutter | COL |
| 100 ## - MAIN ENTRY--AUTHOR NAME | |
| Author name | Coleman, Robert E |
| 245 ## - TITLE STATEMENT | |
| Title | Master Plan of Discipleship |
| 260 ## - PUBLICATION, DISTRIBUTION, ETC. (IMPRINT) | |
| Place of publication | New York |
| Name of publisher | Fleming Revelle Co. |
| Year of publication | 1987 |
| 300 ## - PHYSICAL DESCRIPTION | |
| Number of Pages | 156p |
| 500 ## - GENERAL NOTE | |
| General note | includes index and biblioraphy |
| 505 2# - FORMATTED CONTENTS NOTE | |
| Formatted contents note | Selected Bibliography |
| 942 ## - ADDED ENTRY ELEMENTS (KOHA) | |
| Koha item type | Books |
| 700 1# - | |
| -- | Coleman, Robert E |
| Collection code | Home library | Current library | Date acquired | Cost, normal purchase price | Full call number | Accession Number | Koha item type |
|---|---|---|---|---|---|---|---|
| Henry Martyn Institute Library | Henry Martyn Institute Library | 05/24/2005 | 173.80 | 226.606 COL | 11000463 | Books |
